French Rappers v2 - Statistiques

Statistiques générales
  • Ce quiz a été pris 93 fois
  • Le résultat moyen est 4 sur 16
Statistiques - réponses
Par images Réponse % Correct
Favé
92%
Kerchak
82%
Ven1
48%
Nono La Grinta
35%
1pliké140
33%
KLM
29%
H La Drogue
23%
Bouss
22%
Dexter
16%
Josas
15%
Ramos
10%
Gambino la MG
9%
Mola
9%
La Rvfleuze
8%
Batbat
6%
Tisco
6%
Aucun quiz correspondant
Distribution des résultats
% des personnes avec chaque résultat
Percentile par nombre de réponses
Votre historique - résultats
Vous n’avez pas pris ce quiz